000
00222nam a22000857a 4500
008
160708b xxu||||| |||| 00| 0 eng d
100
_9
2420
_a
Rogers, C.R
245
_a
Freedom to Learn
260
_a
Ohio
_b
Charles E.Merrill
_c
1969
999
_c
2095
_d
2095